El universo en una cáscara de nuez (Registro nro. 4451)

Detalles MARC
000 -LEADER
fixed length control field 00919 a2200229 4500
001 - CONTROL NUMBER
control field 47738
005 - DATE AND TIME OF LATEST TRANSACTION
control field 20260407155743.0
008 - FIXED-LENGTH DATA ELEMENTS--GENERAL INFORMATION
fixed length control field 260407a2010 arg spa d
003 - CONTROL NUMBER IDENTIFIER
control field AR-UNSa-BCEJYS
040 ## - CATALOGING SOURCE
Original cataloging agency AR-UNSa-BCEJYS
Language of cataloging spa
Transcribing agency AR-UNSa-BCEJYS
080 ## - UNIVERSAL DECIMAL CLASSIFICATION NUMBER
Universal Decimal Classification number 530
Common auxiliary subdivision Física
020 ## - INTERNATIONAL STANDARD BOOK NUMBER
International Standard Book Number 978-84-9892-187-8
100 1# - MAIN ENTRY--PERSONAL NAME
Personal name Jou, David
245 10 - TITLE STATEMENT
Title El universo en una cáscara de nuez
264 #1 - PRODUCTION, PUBLICATION, DISTRIBUTION, MANUFACTURE, AND COPYRIGHT NOTICE
Place of production, publication, distribution, manufacture Barcelona :
Name of producer, publisher, distributor, manufacturer Crítica
Date of production, publication, distribution, manufacture, or copyright notice 2010
300 ## - PHYSICAL DESCRIPTION
Extent 246 p.
Dimensions 19 cm.
505 ## - FORMATTED CONTENTS NOTE
Formatted contents note 1. Breve historia de la relatividad - 2. La forma del tiempo - 3. El universo en una cáscara de nuez - 4. Prediciendo el futuro - 5. Protegiendo el pasado - 6. ¿Será nuestro futuro como Star Trek o no? - 7. Los nuevos universos membrana -
590 ## - LOCAL NOTE (RLIN)
Local note niveau_biblio:m niveau_hierar:0
700 1# - ADDED ENTRY--PERSONAL NAME
Personal name Hawking, Stephen
856 41 - ELECTRONIC LOCATION AND ACCESS
Uniform Resource Identifier <a href="https://www.biblioeco.unsa.edu.ar/pmb/images/libros/L127655.jpg">https://www.biblioeco.unsa.edu.ar/pmb/images/libros/L127655.jpg</a>
Link text Imagen de portada
Electronic format type image/jpeg
942 ## - ADDED ENTRY ELEMENTS (KOHA)
Koha item type
Existencias
Withdrawn status Lost status Damaged status Not for loan Home library Current library Shelving location Date acquired Total checkouts Full call number Barcode Date last seen Price effective from Koha item type
        Biblioteca Prof. Eusebio Cleto del Rey Biblioteca Prof. Eusebio Cleto del Rey   07/04/2026   530 H392 L127655 07/04/2026 07/04/2026 Libro